000 00401nam a2200181Ia 4500
001 1293
005 20260306140621.0
008 260306t2006||||xx |||||||||||||| ||spa||
041 _aESP
082 _a193
_bH36
100 _aHeidegger, Martin
_eAUT
245 0 _aMeditación
260 _c2006
300 _a364 pƔginas :
_c22 cm.
650 _aGEN
654 _aCHU
942 _cLIB
_dJUS
_fJUS
_2ddc
_n
999 _c1293
_d1293